Slovenská kvantita a rytmický zákon

Bibliographic Details
Main Author: Peciar, Štefan, 1912-1989 (Author)
Format: Article
Language:Slovak
Subjects:

MARC

LEADER 00000nab a2200000 a 4500
001 vtls009172922
003 SK-MaSNL
005 20260304152442.0
008 250506c1946 xo |r|p||||||||00 b|slo
015 |a SNBRB2008/01  |2 snkbucl 
035 |a (uuid)43648959-b597-49c6-9c88-dc602fc36b2b 
035 |a urn:nbn:sk:snk-abc2p7 
035 |a (urnnbn)urn:nbn:sk:snk:ar-002sen 
038 |a SNKBUCL 
040 |a SNKBUCL  |b slo  |c SNKBUCL  |e AACR2 
041 0 |a slo 
044 |a xo  |c SK 
080 |a 811.162.4'35  |2 2001 
080 |a 81'35:811.162.4  |2 2001 
080 |a 811.162.4'34  |2 2001 
080 |a 801.611  |2 2001 
100 1 |a Peciar, Štefan,  |d 1912-1989  |4 aut  |9 101102 
245 1 0 |a Slovenská kvantita a rytmický zákon  |c Štefan Peciar 
500 |a Dokončenie 
504 |a Bibliogr. odkazy 
650 0 7 |a slovenčina  |2 snkbucl  |9 1350 
650 0 7 |a kvantifikácia (lingvistika)  |2 snkbucl  |9 21004 
650 0 7 |a rytmický zákon  |2 snkbucl  |9 71699 
773 0 |t Slovenská reč  |g Roč. XII, č. 7-10 (1946), s. 217-224 
850 |a Slovenská národná knižnica 
852 |a Slovenská národná knižnica 
954 |a odborná, vedecká literatúra pôvodná (slovenská)  |2 lita 
958 |a article15 
958 |a OND 
958 |a NB 
958 |a EUIPO 
999 |c 2949049  |d 2950979